Fòrum de regidors i regidores de cultura : política cultural i diversitat(s) política cultural i diversitat(s)
Publicado:
Barcelona :
Diputació de Barcelona. Àrea de Cultura. Centre d'Estudis i Recursos Culturals ,
2009
Descripción Física:
113 p. ; 30 cm
MARC
| LEADER | 00000nam a2200000Ia 4500 | ||
|---|---|---|---|
| 001 | 21919 | ||
| 008 | 160829s2009 xx 000 0 cat d | ||
| 080 | |a M-6-267 | ||
| 245 | |a Fòrum de regidors i regidores de cultura : |b política cultural i diversitat(s) | ||
| 260 | |a Barcelona : |b Diputació de Barcelona. Àrea de Cultura. Centre d'Estudis i Recursos Culturals, |c 2009 | ||
| 300 | |a 113 p. ; |c 30 cm | ||
| 590 | |a Bibliografia | ||
| 651 | 0 | |a Barcelona (Catalunya : Província) |x Política cultural |9 53523 | |
| 710 | 1 | |a Barcelona (Catalunya : Província). |b Centre d'Estudis i Recursos Culturals |9 52487 | |
| 710 | 1 | |a Barcelona (Catalunya : Província). |b Àrea de Cultura |9 53536 | |
| 901 | |a Arxiu | ||
| 942 | |n 1 | ||
| 952 | |0 0 |1 0 |4 0 |6 M6267 |7 1 |9 53031 |a Arxiu |b Arxiu |d 2016-12-01 |l 0 |o M-6-267 |p 21919 |r 2016-12-01 00:00:00 |w 2016-12-01 |y ARXIU | ||
| 999 | |c 56880 |d 56880 | ||